Country by Repeated Letter Quiz Stats

 Plays Quiz Updated Mar 10, 2012

Challenge
Share
Tweet
Embed
Score 0/18 Timer 07:00
2 Plays Today
Repeated Letter Country % Correct
U _ U _ U _ _Uruguay
85.3%
_ _ S S _ _Russia
82.5%
_ _ _ _ C C _Morocco
80.8%
G _ _ _ G _ _Georgia
76.2%
K _ _ _ K _ _ _ _ _Kazakhstan
73.3%
P _ _ _ _ P P _ _ _ _Philippines
72.2%
M _ _ _ M _ _Myanmar
65.8%
_ Y _ _ Y _ _ _ _ _Kyrgyzstan
57.4%
_ _ _ _ N _ NLebanon
43.3%
Repeated Letter Country % Correct
_ I _ I _ _ _ IKiribati
42.7%
_ _ _ _ _ D   _ _ _ _ D _ _United Kingdom
41.9%
_ A _ A _ A _ _ A _Madagascar
40.3%
_ _ _ _ _ _ L L _ _Seychelles
37.1%
_ O _ O _ O _Comoros
35.5%
_ _ _ B _ B _ _Zimbabwe
30.5%
_ R _ _ R _ _Eritrea
22.8%
_ E _ E _ _ E _ _Venezuela
22.6%
_ _ _ _ _ T _ _ _ T _ _ _Liechtenstein
16.3%

You're not logged in!

Compare scores with friends on all Sporcle quizzes.
Join for Free
OR
Log In

You Might Also Like...

Show Comments

Extras

Top Quizzes Today


Score Distribution

Your Account Isn't Verified!

In order to create a playlist on Sporcle, you need to verify the email address you used during registration. Go to your Sporcle Settings to finish the process.

Report this User

Report this user for behavior that violates our Community Guidelines.

Details: